Effectual entrepreneurship / (Record no. 694)

MARC details
000 -LEADER
fixed length control field 00860cam a2200277 i 4500
001 - CONTROL NUMBER
control field 18999922
003 - CONTROL NUMBER IDENTIFIER
control field OSt
005 - DATE AND TIME OF LATEST TRANSACTION
control field 20250420134821.0
008 - FIXED-LENGTH DATA ELEMENTS--GENERAL INFORMATION
fixed length control field 160303s2017 enka 001 0 eng
010 ## - LIBRARY OF CONGRESS CONTROL NUMBER
LC control number 2016003538
020 ## - INTERNATIONAL STANDARD BOOK NUMBER
International Standard Book Number 9781138923782 (pbk.)
040 ## - CATALOGING SOURCE
Original cataloging agency DLC
Language of cataloging eng
Transcribing agency KCST
Description conventions rda
Modifying agency DLC
050 00 - LIBRARY OF CONGRESS CALL NUMBER
Classification number HB615
Item number .E453 2017
082 00 - DEWEY DECIMAL CLASSIFICATION NUMBER
Classification number 658.11
Edition information 23
Item number Re Ef
100 1# - MAIN ENTRY--PERSONAL NAME
Personal name Read, Stuart,
Relator term [author]
9 (RLIN) 5355
245 10 - TITLE STATEMENT
Title Effectual entrepreneurship /
Statement of responsibility, etc. Stuart Read, Saras Sarasvathy, Nick Dew and Robert Wiltbank.
250 ## - EDITION STATEMENT
Edition statement Second edition.
260 #1 - PUBLICATION, DISTRIBUTION, ETC.
Place of publication, distribution, etc. London ;
Name of publisher, distributor, etc. Routledge/Taylor & Francis Group,
Date of publication, distribution, etc. 2017.
300 ## - PHYSICAL DESCRIPTION
Extent xii, 312 pages :
Other physical details color illustrations ;
Dimensions 28 cm
500 ## - GENERAL NOTE
General note Includes index.
650 #0 - SUBJECT ADDED ENTRY--TOPICAL TERM
Topical term or geographic name entry element Entrepreneurship.
9 (RLIN) 574
650 #0 - SUBJECT ADDED ENTRY--TOPICAL TERM
Topical term or geographic name entry element New business enterprises.
9 (RLIN) 1399
650 #0 - SUBJECT ADDED ENTRY--TOPICAL TERM
Topical term or geographic name entry element Success in business.
9 (RLIN) 573
942 ## - ADDED ENTRY ELEMENTS (KOHA)
Koha item type Book
942 ## - ADDED ENTRY ELEMENTS (KOHA)
Source of classification or shelving scheme Dewey Decimal Classification
Holdings
Withdrawn status Lost status Source of classification or shelving scheme Damaged status Not for loan Home library Current library Date acquired Cost, normal purchase price Total checkouts Full call number Barcode Date last seen Cost, replacement price Price effective from Koha item type
    Dewey Decimal Classification     KCST Library KCST Library 09/11/2021 17.80   658.11 Re Ef 1000001020 09/11/2021 17.80 09/11/2021 Book
© 2025 KCST. All rights reserved